000 00377nam a2200121Ia 4500
008 220615s9999||||xx |||||||||||||| ||und||
245 4 _aThe Anthem Companion to Pierre Bourdieu
546 _aEnglish[eng]
650 _aSocial Science||Sociology
700 _aRobbins, Derek
856 _uhttps://library.oapen.org/bitstream/20.500.12657/52806/1/external_content.pdf
942 _cEB
999 _c9206
_d9206